Ocean circulation

Αποθηκεύτηκε σε:
Λεπτομέρειες βιβλιογραφικής εγγραφής
Συγγραφή απο Οργανισμό/Αρχή: Open University. Oceanography Course Team
Άλλοι συγγραφείς: Colling, Angela (Επιμελητής έκδοσης)
Μορφή: Βιβλίο
Γλώσσα:English
Δημοσίευση: Boston : Butterworth Heinemann, 2001
Έκδοση:2nd ed.
Θέματα:
Ετικέτες: Προσθήκη ετικέτας
Δεν υπάρχουν, Καταχωρήστε ετικέτα πρώτοι!

MARC

LEADER 00000cam a2200000 i 4500
001 1/50230
008 070802s2001 eng d
020 |a 0-7506-5278-0 
035 |l 10089403 
040 |a GR-MY-UA  |b gre  |e aacr 
041 0 |a eng 
082 0 |a 551.4701  |2 (22) 
110 2 |a Open University.   |b Oceanography Course Team. 
245 1 0 |a Ocean circulation /  |c Open University,Oceanography course team ; prepeared by Angela Colling for the course team 
250 |a 2nd ed. 
260 |a Boston :   |b Butterworth Heinemann,   |c 2001 
300 |a 286σ. ;  |b εικ. χαρτ.;  |c 26εκ. 
504 |a Περιλαμβάνει βιβλιογραφίες και ευρετήριο 
650 0 0 |a Ocean circulation. 
700 1 |a Colling, Angela.  |4 edt 
852 |a INST  |b CHIOS  |e 20070802  |h 551.4701 OPE  |p 005200025838  |q 005200025838  |t BK  |y 12 
901 |a BIBL2-2007-2 
909 |a Χ  |b 136987 
922 |a 2ΕΛΗ  |b 200707  |c ΕΠΕΑΕΚ2/ΤΝΕΥ  |d ΠΑΠΑΣΩΤΗΡΙΟΥ 
970 |a Ατσάλη  |b Δέσποινα  |z 2007/08/02